000 00385pab a2200157 454500
008 180718b1998 xxu||||| |||| 00| 0 eng d
100 _aMehra, Ajay K.
245 _aWages for the dons: missing the target again
260 _c1998
300 _ap.39-40
362 _aSep
650 _aTeacher wages - India
650 _aTeacher wages
773 _aPolitics India
909 _a38723
999 _c38723
_d38723